১০০ বছর আগে ঢাকাপ্রকাশ / (Record no. 28795)

MARC details
000 -LEADER
fixed length control field 00666nam a22001817a 4500
003 - CONTROL NUMBER IDENTIFIER
control field BDDh-ASL
005 - DATE AND TIME OF LATEST TRANSACTION
control field 20231015030954.0
008 - FIXED-LENGTH DATA ELEMENTS--GENERAL INFORMATION
fixed length control field 220531s2005 b ||||| |||| 00| 0 b d
040 ## - CATALOGING SOURCE
Transcribing agency BDDh-ASL
082 ## - DEWEY DECIMAL CLASSIFICATION NUMBER
Classification number 954.922
Item number AZB
100 1# - MAIN ENTRY--PERSONAL NAME
9 (RLIN) 6268
Personal name আজিম, পরাগ
245 1# - TITLE STATEMENT
Title ১০০ বছর আগে ঢাকাপ্রকাশ /
246 ## - VARYING FORM OF TITLE
Title proper/short title 100 Bachar Age Dhakaprakash.
260 ## - PUBLICATION, DISTRIBUTION, ETC.
Place of publication, distribution, etc. ঢাকা:
Name of publisher, distributor, etc. অবসর প্রকাশনা সংস্থা,
Date of publication, distribution, etc. ২০০৫।
300 ## - PHYSICAL DESCRIPTION
Extent ১৩৬ পৃষ্ঠা:
Dimensions ২২ সে.মি.
650 #0 - SUBJECT ADDED ENTRY--TOPICAL TERM
9 (RLIN) 6126
Topical term or geographic name entry element History of Dhaka (ঢাকার ইতিহাস)
942 ## - ADDED ENTRY ELEMENTS (KOHA)
Source of classification or shelving scheme Dewey Decimal Classification
Koha item type Books
Holdings
Withdrawn status Lost status Source of classification or shelving scheme Damaged status Not for loan Collection code Home library Current library Shelving location Date acquired Source of acquisition Total Checkouts Full call number Barcode Date last seen Copy number Price effective from Koha item type
    Dewey Decimal Classification     Non-fiction Asiatic Society Library Asiatic Society Library Dhaka Collection 05/31/2022 ASB Library Collection   954.922 AZB 116873 05/31/2022 C-1 05/31/2022 Books

Powered by Koha